000 00476nam a2200193Ia 4500
003 GCL
008 140319s9999 xx 000 0 eng d
040 _aGCL /
_cGCL
082 0 4 _a759
_bM B
100 1 _aMONSEL, PHILIPPE
245 1 0 _aBARQUE 1775 - 1851 /
_cMONSEL, PHILIPPE
260 _a[S.N] :
_bCERCLE D' ART ،
_c1995
300 _a63 P
650 0 4 _aARTS
650 0 4 _aPAINTING
650 0 4 _aPAINTERS
650 0 4 _aBARQUE, GEORGES 1882 - 1963
942 _2ddc
_cBK
999 _c14697
_d14697